000 01678cam a2200421Ia 4500
001 ocm57453604
003 OCoLC
005 20171012141625.0
008 050120s2004 uy a j 000 1 spa d
020 _a9974779995
020 _a8493395536
035 _a(OCoLC)57453604
040 _aTEF
_beng
_cTEF
_dBAKER
_dBTCTA
_dQBX
_dOCLCQ
_dOCLCF
_dOCLCO
_dOCLCQ
_dOCLCO
_dCCP
_dOCLCQ
041 _aspa
049 _aORXA
050 4 _aPZ73
_b.S363 2004
082 0 4 _a[E]
_222
099 _fSPANISH
_ajE SCAGLIOTT
100 1 _aScagliotti, Loti.
245 1 0 _aDice que dicen, que dijo-- /
_ctextos, Loti Scagliotti ; ilustraciones, Loti Scagliotti, Andrea Rodr©Ưguez Vidal.
260 _aMontevideo, Uruguay :
_bNicanitasantiago,
_c[2004?]
300 _a1 volume (unpaged) :
_bcolor illustrations ;
_c24 cm.
336 _atext
_btxt
_2rdacontent.
337 _aunmediated
_bn
_2rdamedia.
338 _avolume
_bnc
_2rdacarrier.
490 1 _aColecci©đn Cuentos qu©♭ dicen, qu©♭ dijo?
520 _aThe story starts when Teresa tells her daughter to find Tom©Łs and to tell him to come and help her get rid of a mouse. As this request is passed from person to person, it changes with each repetition.
650 0 _aCommunication
_vJuvenile fiction.
650 0 _aListening
_vJuvenile fiction.
650 0 _aMice
_vJuvenile fiction.
650 7 _aComunicaci©đn
_vNovela juvenil.
_2bidex.
650 7 _aEscuchar
_vNovela juvenil.
_2bidex.
650 7 _aRatones
_vNovela juvenil.
_2bidex.
690 _aSpanish language edition
_vJuvenile fiction.
700 1 _aRodriguez Vidal, Andrea.
830 0 _aColecci©đn Cuentos qu©♭ dicen, qu©♭ dijo?
942 _cBK
999 _c18918
_d18918